BIBLIOTECA

SENCICO

Aspectos fundamentales del concreto reforzado (Registro nro. 1858)

Detalles MARC
000 -LEADER
fixed length control field 00717nam a2200181Ia 4500
005 - DATE AND TIME OF LATEST TRANSACTION
control field 20251020182524.0
008 - FIXED-LENGTH DATA ELEMENTS--GENERAL INFORMATION
fixed length control field 200515s9999 xx 000 0 und d
082 ## - DEWEY DECIMAL CLASSIFICATION NUMBER
Classification number 691.328/G71
100 ## - MAIN ENTRY--PERSONAL NAME
Personal name GONZALES CUEVAS, Oscar ROBLES F. V., Francisco
245 #0 - TITLE STATEMENT
Title Aspectos fundamentales del concreto reforzado
260 ## - PUBLICATION, DISTRIBUTION, ETC.
Place of publication, distribution, etc. México, D.F.
260 ## - PUBLICATION, DISTRIBUTION, ETC.
Date of publication, distribution, etc. 1975
500 ## - GENERAL NOTE
General note 1 ejemplar
520 ## - SUMMARY, ETC.
Summary, etc. Muestra al lector como pueden establecerse procedimientos de diseño, así como también se describen las características y el comportamiento del concreto y del acero, condiciones para el trabajo adecuado de los mismos, recomendaciones sobre detalles de colo
650 ## - SUBJECT ADDED ENTRY--TOPICAL TERM
Topical term or geographic name entry element CONCRETO REFORZADO
650 ## - SUBJECT ADDED ENTRY--TOPICAL TERM
Topical term or geographic name entry element LIB
942 ## - ADDED ENTRY ELEMENTS (KOHA)
Koha item type Libros
Existencias
Fecha de la última vez que lo usaron Pago total Signatura topográfica completa Código de barras Precio efectivo desde Tipo de documento Estado perdido Estado dañado No es para préstamo Retirado Ubicación permanente Ubicación actual Fecha de adquisición
15/05/2020   691.328/G71 Bib-Lima15051858 15/05/2020 Libros         Biblioteca Central Lima Biblioteca Central Lima 15/05/2020